01001nam a2200217 a 450000100100000000500170001000800410002710000480006824500450011624600250016126000550018630000210024149000270026250000940028983000340038395201200041795201110053795201050064899900170075304000130077000001714920200929165032.0100319s1974 dr 001 0 spa d1 aAlmanzar G., José Nicolásd1935-93776914aLenguaje /cJosé Nicolás Almanzar G.14aNociones de lenguaje aSanto Domingo :bOffset Cultura Dominicana,c1974. a113 p. ;c22 cm.1 aEducación de Adultos aPara el tercer nivel (5to y 6to cursos de la Educación primaria acelerada para adultos) 0aEducación de Adultos937770 001054708DSaGRbGRcCTd2010-03-19iLF1l0o p17149-30r2020-06-25te. 3w2020-06-25yLFDSZPréstamo en sala 0010718PDaPDbPDcCTd2010-03-19iLF1l0o p17149-10r2020-06-25te. 2w2020-06-25yLFPDZNo se presta 0010718PDaPDbPDcCTd2010-03-19iLF1l0o p17149-20r2020-06-25w2020-06-25yLFPDZNo se presta c16675d16675 aDO-SdBNP